| 000 | 00940nam a2200205 a 4500 | ||
|---|---|---|---|
| 001 | BRCA_6076 | ||
| 005 | 20190320205326.0 | ||
| 008 | 170608s1999----mx-a---###---#000-0#spa-# | ||
| 050 | 4 |
_aTR365 _b.S89 1999 |
|
| 100 | 1 |
_aSuzuki Sato, Kimie _915357 |
|
| 245 | 1 | 0 |
_aEstudio de un grupo representativo de daguerrotipos localizados en la Ciudad de México _bdiagnóstico del estado de conservación y propuesta de conservación. |
| 260 |
_aCiudad de México _c1999 |
||
| 300 |
_a205 p. _bil. (algunas a color) |
||
| 502 | _aTesis Licenciatura (Licenciado en Restauración de Bienes Muebles) Escuela Nacional de Conservación, Restauración y Museografía ´Manuel del Castillo Negrete´ | ||
| 650 | 1 | 4 |
_aDaguerrotipo _vDiagnóstico _xConservación y restauración _zCiudad de México _915358 |
| 650 | 1 | 4 |
_aFotografía _xConservación y restauración _915359 |
| 700 | 1 |
_aOsorio Alarcón, Fernando _easesor _95760 |
|
| 902 | _aTES | ||
| 942 |
_2lcc _cTES |
||
| 999 |
_c5763 _d5763 |
||